| 000 | 01063nam0a22002891 4500 | ||
|---|---|---|---|
| 001 | rc\4310042 | ||
| 005 | 20130416130245.3 | ||
| 021 |
_aRU _b[58-47476] |
||
| 035 | _a(NLR Aleph) 008507687 | ||
| 090 |
_a8149211 _c8149211 |
||
| 100 | _a20130416d1958 |||y0rusy50 ca | ||
| 101 | 0 | _arus | |
| 102 | _aRU | ||
| 105 | _ay z ||||| | ||
| 200 | 1 |
_aГипноз и внушение при алкоголизме _e(Психотерапия в клинике алкоголизма) _fТамб. обл. науч.-мед. о-во |
|
| 210 |
_aТамбов _cТамб. правда _d1958 |
||
| 215 |
_a94 с. _d22 |
||
| 300 | _aПеред загл. авт.: И.М. Виш, канд. мед. наук | ||
| 320 | _aБиблиогр.: с. 87-93 | ||
| 606 |
_aАлкоголизм _xЛечение внушением _2psbo |
||
| 606 |
_aПсихотерапия алкоголизма _2psbo |
||
| 700 | 1 |
_aВиш _bИ. М. _gИосиф Матвеевич |
|
| 801 | 0 |
_aRU _bNLR _gpsbo |
|
| 801 | 1 |
_aRU _bELAR _2rusmarc |
|
| 852 |
_aNLR _j58-6/6918 |
||
| 942 | _cBOOK | ||
| 980 | _aNB | ||